banner-ar

الفجوة الرقمية : (Record no. 7768)

MARC details
000 -الفاتح
حقل البيانات ثابتة الطول 00892nam a2200265Ia 4500
008 - عناصر البيانات ثابتة الطول - معلومات عامة
حقل البيانات ثابتة الطول 140319s9999 xx 000 0 ara d
020 ## - الرقم الدولى المعيارى للكتب
الرقم الدولى المعيارى للكتاب 0169099906
040 ## - مصدر الفهرسة
وكالة الفهرسة الأصلية GCL /
وكالة النسخ GCL
082 04 - رقم تصنيف ديوى العشرى
رقم التصنيف د
رقم المادة 050
-- ن ف
100 1# - المدخل الرئيسى - إسم شخصى
الإسم الشخصى نادية حجازى
245 10 - بيان العنوان
العنوان الفجوة الرقمية :
بقية العنوان رؤية عربية لمجتمع المعرفة /
بيان المسئوليه,etc نادية حجازى
700 1# - المدخل الاضافى - اسم شخصى
الإسم الشخصى نبيل على
250 ## - بيان الطبعة
بيان الطبعة الاولى
260 ## - PUBLICATION, DISTRIBUTION, ETC. (IMPRINT)
تاريخ النشر أو التوزيع 2005
300 ## - الوصف المادى
التعداد 469ص ؛
أبعاد الوعاء 19سم
490 ## - بيان السلسلة
عنوان السلسلة عالم المعرفة
رقم المجلد/ التعيين التسلسلي 318
650 04 - المدخل الاضافى بالموضوع-مصطلح موضوعى
مصطلح موضوعي الفجوة الرقمية
650 04 - المدخل الاضافى بالموضوع-مصطلح موضوعى
مصطلح موضوعي فجوة الاتصالات
650 04 - المدخل الاضافى بالموضوع-مصطلح موضوعى
مصطلح موضوعي فجوة العقل
650 04 - المدخل الاضافى بالموضوع-مصطلح موضوعى
مصطلح موضوعي فجوة العلم
650 04 - المدخل الاضافى بالموضوع-مصطلح موضوعى
مصطلح موضوعي فجوة اللغة
650 04 - المدخل الاضافى بالموضوع-مصطلح موضوعى
مصطلح موضوعي الفجوة الاقتصادية
942 ## - عناصر المدخل الإضافي( كوها)
مصدر التصنيف او مخطط الترفيف Dewey Decimal Classification
Koha [default] item type كتاب
260 ## - PUBLICATION, DISTRIBUTION, ETC. (IMPRINT)
-- الكويت :
-- المجلس الوطنى للثقافة والفنون والاداب ،
Holdings
حالة التراجع حالة الفقد حالة تلف ليس للاعارة المكان المؤقت الموقع الحالى تاريخ الاكتساب اجمالي اﻻعارات رقم الطلب الباركود تاريخ اخر مشاهدة تاريخ تفعيل السعر نوع وعاء كوها
        مكتبة القاهرة الكبرى مكتبة القاهرة الكبرى 03/26/2014   د\050\ن ف 15980 03/26/2014 03/26/2014 كتاب

Powered By

EGPV